MARC details
| 000 -LEADER |
| campo de control de longitud fija |
02122nas a2200349 i 4500 |
| 001 - NÚMERO DE CONTROL |
| campo de control |
187597 |
| 003 - IDENTIFICADOR DE NÚMERO DE CONTROL |
| campo de control |
SpMaBN |
| 005 - FECHA Y HORA DE LA ÚLTIMA TRANSACCIÓN |
| campo de control |
20250217134925.0 |
| 008 - DATOS DE LONGITUD FIJA--INFORMACIÓN GENERAL |
| campo de control de longitud fija |
180828s1970 xxka| e |01 0||ng d |
| 245 02 - MENCIÓN DEL TÍTULO |
| Título |
A year of your life |
| Resto del título |
: a yearbook covering the events of [...]. |
| 246 34 - FORMA VARIANTE DEL TITULO |
| Título propio/Titulo breve |
Yearbook |
| Resto del título |
: the new Caxton encyclopedia |
| 260 ## - PUBLICACIÓN, DISTRIBUCIÓN, ETC. |
| Lugar de publicación, distribución, etc. |
London : |
| Nombre del editor, distribuidor, etc. |
International Learning Systems Corporation Limited, |
| Fecha de publicación, distribución, etc. |
[1970-] |
| 300 ## - DESCRIPCIÓN FÍSICA |
| Extensión |
10 v. : |
| Otras características físicas |
il., fot. ; |
| Dimensiones |
30 cm. |
| 310 ## - PERIODICIDAD ACTUAL |
| Periodicidad actual |
Anual |
| 362 0# - FECHAS DE PUBLICACIÓN Y/O DESIGNACIÓN SECUENCIAL |
| Fecha de publicación y/o designación secuencial |
1970- |
| 655 #7 - TERMINO DE INDIZACIÓN--GENERO/FORMA |
| Fuente del término |
tgfbne |
| 9 (RLIN) |
226822 |
| Datos o término principal de género/forma |
Anuarios |
| 852 ## - LOCALIZACIÓN |
| Ubicación |
ES-MaACL |
| Número de control de estantería |
A-14203 |
| itemnumber |
194683 |
| Donativo/Legado |
Donación: Amadeo Aláez Rojo |
| Sublocalización o colección |
R.151608 |
| Ubicación en estantería |
Depósito 1 |
| Signatura antigua |
Olim: N-7203 |
| Designación de la unidad física |
Vol. 1 |
| Encuadernación |
Encuadernación guaflex |
| 852 ## - LOCALIZACIÓN |
| Ubicación |
ES-MaACL |
| Número de control de estantería |
A-14204 |
| Donativo/Legado |
Donación: Amadeo Aláez Rojo |
| Sublocalización o colección |
R.151608 |
| Ubicación en estantería |
Depósito 1 |
| Signatura antigua |
Olin: N-7204 |
| Designación de la unidad física |
Vol. 2 |
| Encuadernación |
Encuadernación guaflex |
| itemnumber |
200917 |
| 852 ## - LOCALIZACIÓN |
| Ubicación |
ES-MaACL |
| Número de control de estantería |
A-14205 |
| Donativo/Legado |
Donación: Amadeo Aláez Rojo |
| Sublocalización o colección |
R.151608 |
| Ubicación en estantería |
Depósito 1 |
| Designación de la unidad física |
Vol. 3 |
| Encuadernación |
Encuadernación guaflex |
| Signatura antigua |
Olin: N-7205 |
| itemnumber |
200918 |
| 852 ## - LOCALIZACIÓN |
| Ubicación |
ES-MaACL |
| Número de control de estantería |
A-14206 |
| Donativo/Legado |
Donación: Amadeo Aláez Rojo |
| Sublocalización o colección |
R.151608 |
| Ubicación en estantería |
Depósito 1 |
| Designación de la unidad física |
Vol. 4 |
| Encuadernación |
Encuadernación guaflex |
| Signatura antigua |
Olim: N-7206 |
| itemnumber |
200919 |
| 852 ## - LOCALIZACIÓN |
| Ubicación |
ES-MaACL |
| Número de control de estantería |
A-14207 |
| Donativo/Legado |
Donación: Amadeo Aláez Rojo |
| Sublocalización o colección |
R.151608 |
| Ubicación en estantería |
Depósito 1 |
| Designación de la unidad física |
Vol. 5 |
| Encuadernación |
Encuadernación guaflex |
| Signatura antigua |
Olim: N-7207 |
| itemnumber |
200920 |
| 852 ## - LOCALIZACIÓN |
| Ubicación |
ES-MaACL |
| Número de control de estantería |
A-14208 |
| Donativo/Legado |
Donación: Amadeo Aláez Rojo |
| Sublocalización o colección |
R.151608 |
| Ubicación en estantería |
Depósito 1 |
| Designación de la unidad física |
Vol. 6 |
| Encuadernación |
Encuadernación guaflex |
| Signatura antigua |
Olim: N-7208 |
| itemnumber |
200921 |
| 852 ## - LOCALIZACIÓN |
| Ubicación |
ES-MaACL |
| Número de control de estantería |
A-14209 |
| Donativo/Legado |
Donación: Amadeo Aláez Rojo |
| Sublocalización o colección |
R.151608 |
| Ubicación en estantería |
Depósito 1 |
| Designación de la unidad física |
Vol. 7 |
| Encuadernación |
Encuadernación guaflex |
| Signatura antigua |
Olim: N-7209 |
| itemnumber |
: 200922 |
| 852 ## - LOCALIZACIÓN |
| Ubicación |
ES-MaACL |
| Número de control de estantería |
A-14210 |
| Donativo/Legado |
Donación: Amadeo Aláez Rojo |
| Sublocalización o colección |
R.151608 |
| Ubicación en estantería |
Depósito 1 |
| Designación de la unidad física |
Vol. 8 |
| Encuadernación |
Encuadernación guaflex |
| Signatura antigua |
Olim: N-7210 |
| itemnumber |
200923 |
| 852 ## - LOCALIZACIÓN |
| Ubicación |
ES-MaACL |
| Número de control de estantería |
A-14211 |
| Donativo/Legado |
Donación: Amadeo Aláez Rojo |
| Sublocalización o colección |
R.151608 |
| Ubicación en estantería |
Depósito 1 |
| Designación de la unidad física |
Vol. 9 |
| Encuadernación |
Encuadernación guaflex |
| itemnumber |
200924 |
| Signatura antigua |
Olim: N-7211 |
| 852 ## - LOCALIZACIÓN |
| Ubicación |
ES-MaACL |
| Número de control de estantería |
A-14212 |
| Donativo/Legado |
Donación: Amadeo Aláez Rojo |
| Sublocalización o colección |
R.151608 |
| Ubicación en estantería |
Depósito 1 |
| Designación de la unidad física |
Vol. 10 |
| Encuadernación |
Encuadernación guaflex |
| Signatura antigua |
Olim: N 7212 |
| itemnumber |
200925 |
| 866 #0 - MENCIÓN TEXTUAL DE FONDOS--UNIDAD BIBLIOGRÁFICA BÁSICA |
| Fondos |
1972-1981. |
| 903 ## - NOMBRE PERSONAL DE DONANTE |
| 9 |
19076 |
| a |
Aláez Rojo, Amadeo |
| e |
Donante |
| 942 ## - ELEMENTOS DE ENTRADA SECUNDARIOS (KOHA) |
| Fuente del sistema de clasificación o colocación |
Clasificación decimal universal |
| Tipo de ítem Koha |
Libro impreso |